| 000 | 00645nam a22002537a 4500 | ||
|---|---|---|---|
| 001 | 084 | ||
| 003 | DO-SdBNP | ||
| 005 | 20180122112347.0 | ||
| 007 | 084 | ||
| 008 | 151005b1962 sp 00| 0 spa d | ||
| 020 | _a8470021346 | ||
| 040 |
_aBPMSU _bspa _cBPMSU |
||
| 100 | 1 | _aRay, Jean | |
| 245 | 1 | 3 |
_aEl crucero de las sombras / _cJean Ray ; traducción José Ma. Roca |
| 260 |
_aBarcelona : _bAcervo, _c1962. |
||
| 300 |
_a127 p. : _c18 cm. |
||
| 490 | 1 |
_aEl observador _v62 |
|
| 700 | 1 | 2 |
_aRoca, José Ma. _etrad. |
| 830 | 0 |
_aEl observador _n62 |
|
| 910 | _a202 | ||
| 942 |
_2ddc _cBK |
||
| 945 | _aInventariado, 2018/MFF | ||
| 956 | _aYngrid Lockward | ||
| 999 |
_c8516 _d8516 |
||